<?xml version="1.0" encoding="UTF-8"?>
<record
    xmlns:xsi="http://www.w3.org/2001/XMLSchema-instance"
    xsi:schemaLocation="http://www.loc.gov/MARC21/slim http://www.loc.gov/standards/marcxml/schema/MARC21slim.xsd"
    xmlns="http://www.loc.gov/MARC21/slim">

  <leader>00548nam a22001577a 4500</leader>
  <controlfield tag="003">OSt</controlfield>
  <controlfield tag="005">20150912105908.0</controlfield>
  <controlfield tag="008">150912b        xxu||||| |||| 00| 0 eng d</controlfield>
  <datafield tag="040" ind1=" " ind2=" ">
    <subfield code="c">RUA</subfield>
  </datafield>
  <datafield tag="082" ind1=" " ind2=" ">
    <subfield code="a">AGR &#x178C;&#x17BB;&#x1785; 1995 B015 Or.1</subfield>
  </datafield>
  <datafield tag="100" ind1=" " ind2=" ">
    <subfield code="9">301</subfield>
    <subfield code="a">&#x178C;&#x17BB;&#x1785; &#x179C;&#x178E;&#x17D2;&#x178E;&#x17C8;</subfield>
  </datafield>
  <datafield tag="245" ind1=" " ind2=" ">
    <subfield code="a">&#x179C;&#x17B7;&#x1792;&#x17B6;&#x1793;&#x1780;&#x17B6;&#x179A;&#x1785;&#x17C6;&#x179A;&#x17BB;&#x17C7;&#x1780;&#x17B6;&#x179A;&#x1796;&#x17B6;&#x179A;&#x178A;&#x17C6;&#x178E;&#x17B6;&#x17C6; IPM &#x179B;&#x17BE;&#x179F;&#x17D2;&#x179A;&#x17C2;&#x1780;&#x179F;&#x17B7;&#x1780;&#x179A; (mixed measure of ipm to protect rice in the farmer's fields)</subfield>
  </datafield>
  <datafield tag="260" ind1=" " ind2=" ">
    <subfield code="a">Phnom Penh</subfield>
    <subfield code="b">RUA</subfield>
    <subfield code="c">1995</subfield>
  </datafield>
  <datafield tag="300" ind1=" " ind2=" ">
    <subfield code="a">103p.</subfield>
    <subfield code="b">ill.</subfield>
    <subfield code="c">29cm.</subfield>
  </datafield>
  <datafield tag="942" ind1=" " ind2=" ">
    <subfield code="2">ddc</subfield>
    <subfield code="c">AGR</subfield>
  </datafield>
  <datafield tag="999" ind1=" " ind2=" ">
    <subfield code="c">279</subfield>
    <subfield code="d">279</subfield>
  </datafield>
  <datafield tag="952" ind1=" " ind2=" ">
    <subfield code="0">0</subfield>
    <subfield code="1">0</subfield>
    <subfield code="2">ddc</subfield>
    <subfield code="4">0</subfield>
    <subfield code="6">AGR_&#x178C;&#x17BB;&#x1785;_1995_000000000000000_B015_OR_1</subfield>
    <subfield code="7">0</subfield>
    <subfield code="9">1239</subfield>
    <subfield code="a">LBB</subfield>
    <subfield code="b">LBB</subfield>
    <subfield code="c">B015</subfield>
    <subfield code="d">2015-09-12</subfield>
    <subfield code="l">1</subfield>
    <subfield code="o">AGR &#x178C;&#x17BB;&#x1785; 1995 B015 Or.1</subfield>
    <subfield code="p">RUA003185</subfield>
    <subfield code="r">2019-12-20</subfield>
    <subfield code="s">2019-12-04</subfield>
    <subfield code="w">2015-09-12</subfield>
    <subfield code="y">AGR</subfield>
  </datafield>
  <datafield tag="952" ind1=" " ind2=" ">
    <subfield code="0">0</subfield>
    <subfield code="1">0</subfield>
    <subfield code="2">ddc</subfield>
    <subfield code="4">0</subfield>
    <subfield code="6">AGR_&#x178C;&#x17BB;&#x1785;_1995_000000000000000_B015_OR_2</subfield>
    <subfield code="7">0</subfield>
    <subfield code="9">1240</subfield>
    <subfield code="a">LBB</subfield>
    <subfield code="b">LBB</subfield>
    <subfield code="c">B015</subfield>
    <subfield code="d">2015-09-12</subfield>
    <subfield code="l">1</subfield>
    <subfield code="o">AGR &#x178C;&#x17BB;&#x1785; 1995 B015 Or.2</subfield>
    <subfield code="p">RUA003257</subfield>
    <subfield code="r">2018-02-05</subfield>
    <subfield code="s">2018-01-26</subfield>
    <subfield code="w">2015-09-12</subfield>
    <subfield code="y">AGR</subfield>
  </datafield>
  <datafield tag="952" ind1=" " ind2=" ">
    <subfield code="0">0</subfield>
    <subfield code="1">0</subfield>
    <subfield code="2">ddc</subfield>
    <subfield code="4">0</subfield>
    <subfield code="6">AGR_&#x178C;&#x17BB;&#x1785;_1995_000000000000000_B015_OR_3</subfield>
    <subfield code="7">0</subfield>
    <subfield code="9">1241</subfield>
    <subfield code="a">LBB</subfield>
    <subfield code="b">LBB</subfield>
    <subfield code="c">B015</subfield>
    <subfield code="d">2015-09-12</subfield>
    <subfield code="o">AGR &#x178C;&#x17BB;&#x1785; 1995 B015 Or.3</subfield>
    <subfield code="p">RUA003401</subfield>
    <subfield code="r">2015-09-12</subfield>
    <subfield code="w">2015-09-12</subfield>
    <subfield code="y">AGR</subfield>
  </datafield>
  <datafield tag="952" ind1=" " ind2=" ">
    <subfield code="0">0</subfield>
    <subfield code="1">0</subfield>
    <subfield code="2">ddc</subfield>
    <subfield code="4">0</subfield>
    <subfield code="6">AGR_&#x178C;&#x17BB;&#x1785;_1995_000000000000000_B015_OR_4</subfield>
    <subfield code="7">0</subfield>
    <subfield code="9">1242</subfield>
    <subfield code="a">LBB</subfield>
    <subfield code="b">LBB</subfield>
    <subfield code="c">B015</subfield>
    <subfield code="d">2015-09-12</subfield>
    <subfield code="l">1</subfield>
    <subfield code="o">AGR &#x178C;&#x17BB;&#x1785; 1995 B015 Or.4</subfield>
    <subfield code="p">RUA003840</subfield>
    <subfield code="r">2016-10-11</subfield>
    <subfield code="s">2016-09-21</subfield>
    <subfield code="w">2015-09-12</subfield>
    <subfield code="y">AGR</subfield>
  </datafield>
  <datafield tag="952" ind1=" " ind2=" ">
    <subfield code="0">0</subfield>
    <subfield code="1">0</subfield>
    <subfield code="2">ddc</subfield>
    <subfield code="4">0</subfield>
    <subfield code="6">AGR_&#x178C;&#x17BB;&#x1785;_1995_000000000000000_B015_OR_5</subfield>
    <subfield code="7">0</subfield>
    <subfield code="9">1243</subfield>
    <subfield code="a">LBB</subfield>
    <subfield code="b">LBB</subfield>
    <subfield code="c">B015</subfield>
    <subfield code="d">2015-09-12</subfield>
    <subfield code="o">AGR &#x178C;&#x17BB;&#x1785; 1995 B015 Or.5</subfield>
    <subfield code="p">RUA003837</subfield>
    <subfield code="r">2015-09-12</subfield>
    <subfield code="w">2015-09-12</subfield>
    <subfield code="y">AGR</subfield>
  </datafield>
  <datafield tag="952" ind1=" " ind2=" ">
    <subfield code="0">0</subfield>
    <subfield code="1">0</subfield>
    <subfield code="2">ddc</subfield>
    <subfield code="4">0</subfield>
    <subfield code="6">AGR_&#x178C;&#x17BB;&#x1785;_1995_000000000000000_B015_OR_6</subfield>
    <subfield code="7">0</subfield>
    <subfield code="9">1244</subfield>
    <subfield code="a">LBB</subfield>
    <subfield code="b">LBB</subfield>
    <subfield code="c">B015</subfield>
    <subfield code="d">2015-09-12</subfield>
    <subfield code="l">2</subfield>
    <subfield code="o">AGR &#x178C;&#x17BB;&#x1785; 1995 B015 Or.6</subfield>
    <subfield code="p">RUA008085</subfield>
    <subfield code="r">2019-01-09</subfield>
    <subfield code="s">2018-12-14</subfield>
    <subfield code="w">2015-09-12</subfield>
    <subfield code="y">AGR</subfield>
  </datafield>
  <datafield tag="952" ind1=" " ind2=" ">
    <subfield code="0">0</subfield>
    <subfield code="1">0</subfield>
    <subfield code="2">ddc</subfield>
    <subfield code="4">0</subfield>
    <subfield code="6">AGR_&#x178C;&#x17BB;&#x1785;_1995_000000000000000_B015_OR_7</subfield>
    <subfield code="7">0</subfield>
    <subfield code="9">1245</subfield>
    <subfield code="a">LBB</subfield>
    <subfield code="b">LBB</subfield>
    <subfield code="c">B015</subfield>
    <subfield code="d">2015-09-12</subfield>
    <subfield code="o">AGR &#x178C;&#x17BB;&#x1785; 1995 B015 Or.7</subfield>
    <subfield code="p">RUA007278</subfield>
    <subfield code="r">2015-09-12</subfield>
    <subfield code="w">2015-09-12</subfield>
    <subfield code="y">AGR</subfield>
  </datafield>
  <datafield tag="952" ind1=" " ind2=" ">
    <subfield code="0">0</subfield>
    <subfield code="1">0</subfield>
    <subfield code="2">ddc</subfield>
    <subfield code="4">0</subfield>
    <subfield code="6">AGR_&#x178C;&#x17BB;&#x1785;_1995_000000000000000_B015_OR_8</subfield>
    <subfield code="7">0</subfield>
    <subfield code="9">1246</subfield>
    <subfield code="a">LBB</subfield>
    <subfield code="b">ML</subfield>
    <subfield code="c">B015</subfield>
    <subfield code="d">2015-09-12</subfield>
    <subfield code="l">1</subfield>
    <subfield code="o">AGR &#x178C;&#x17BB;&#x1785; 1995 B015 Or.8</subfield>
    <subfield code="p">RUA007347</subfield>
    <subfield code="q">2026-07-31</subfield>
    <subfield code="r">2026-06-26</subfield>
    <subfield code="s">2026-06-26</subfield>
    <subfield code="w">2015-09-12</subfield>
    <subfield code="y">AGR</subfield>
  </datafield>
</record>
